Tennis players by picture #2 - Statistics

General Stats
  • This quiz has been taken 172 times
  • The average score is 9 of 15
Answer Stats
Picture Answer % Correct
Gaël Monfils
97%
Kei Nishikori
85%
Stan Wawrinka
83%
Dominic Thiem
79%
Marin Cilic
79%
Andy Roddick
75%
Michael Chang
69%
David Goffin
63%
Jimmy Connors
54%
Kevin Anderson
50%
Jim Courier
48%
Carlos Moya
47%
Ilie Nastase
33%
Guillermo Vilas
23%
Stan Smith
18%
No matching quizzes found
Score Distribution
Percent of People with Each Score
Percentile by Number Answered
Your Score History
You have not taken this quiz